Univerzity si budú musieť svoj názov zaslúžiť

Potreba zmeny vysokoškolského zákona č. 172/1990 Zb. o vysokých školách. Ministerstvo školstva sa rozhodlo neupravovať starý zákon, ale pripraviť nový, ktorý by odštartoval reformu vysokého školstva. Transformácia vysokých škôl. Viaczdrojové financovanie. Školné ako predmet mnohých diskusií.

Guardado en:
Detalles Bibliográficos
Autor principal: Reiselová, Eva
Formato: Capítulo de libro
Lenguaje:eslovaco
Materias:
Etiquetas: Agregar Etiqueta
Sin Etiquetas, Sea el primero en etiquetar este registro!

MARC

LEADER 00000naa a2200000 4500
001 r043020
005 20230921112334.9
041 0 |a slo 
044 |a SK 
245 1 0 |a Univerzity si budú musieť svoj názov zaslúžiť  |c Eva Reiselová 
520 |a Potreba zmeny vysokoškolského zákona č. 172/1990 Zb. o vysokých školách. Ministerstvo školstva sa rozhodlo neupravovať starý zákon, ale pripraviť nový, ktorý by odštartoval reformu vysokého školstva. Transformácia vysokých škôl. Viaczdrojové financovanie. Školné ako predmet mnohých diskusií. 
610 2 0 |a školy vysoké 
610 2 0 |a reformy 
610 2 0 |a reformy školské 
610 2 0 |a transformácia 
610 2 0 |a financovanie 
610 2 0 |a poplatky 
610 2 0 |a zákony 
610 2 0 |a Slovensko 
100 1 |a Reiselová, Eva